| 000 | 01385cam a22003617a 4500 | ||
|---|---|---|---|
| 003 | CHAP | ||
| 005 | 20220817044010.0 | ||
| 008 | 050224s2003 mx r 00010 spa d | ||
| 010 | _a89664 | ||
| 011 | _a90636 | ||
| 020 | _a9707040432 | ||
| 035 | _a101192 | ||
| 040 | _cCHAP | ||
| 082 | 0 | 4 |
_a371 _bA3 |
| 245 | 0 | 3 |
_aEl cambio de la política de admisión de estudiantes en la Universidad de Guadalajara y su implantación 1995-1999 _c/por Armando Aguilar Avalos |
| 260 |
_aMéxico, D.F. : _bAsociación Nacional de Universidades e Instituciones de Educación Superior, _c2003. |
||
| 300 | _a143 p. | ||
| 490 | 0 | _aColección Biblioteca de la Educación Superior. Serie investigaciones | |
| 500 | _aPremio ANUIES 2002 mejor Tesis de Maestría | ||
| 590 |
_aBATCH-UPD _b10 _c20130110 _lUCH01 _h1415 |
||
| 590 |
_aBATCH-UPD _b10 _c20130410 _lUCH01 _h0859 |
||
| 590 |
_aBATCH-UPD _b10 _c20130914 _lUCH01 _h1003 |
||
| 590 |
_aCONVERSION _b10 _c20130109 _lUCH01 _h1350 |
||
| 650 | 0 | 4 | _aEducación superior. |
| 650 | 0 | 4 |
_aEstudiantes. _938489 |
| 650 | 0 | 4 |
_aPolítica educativa _xGuadalajara. _990550 |
| 650 | 0 | 4 |
_aUniversidad de Guadalajara _9116419 |
| 830 | 0 | 0 |
_aColección Biblioteca de la Educación Superior. Serie investigaciones _924721 |
| 901 | _aBK | ||
| 905 | _aAlejandra Carrasco M. | ||
| 942 | _cLIBRO | ||
| 949 |
_a371 A3 _bBC _cLIBRO _d33724000795746 _eLIBRO _h104964 _i101192 _sb |
||
| 999 |
_c89664 _d89664 |
||